000 00776cab a2200241 4500
001 ABS50387
008 090401t1994 xxu||||| |||| 00| 0 eng d
035 _a(Sirsi) u75518
041 _aeng
100 _aPowell-Smith, V.
245 _aBreaches: a minefield for the unwary
260 _c1994
350 _a0
490 _aContract Journal
_v373(5970) 14 April 1994, 10(1)
520 _aConsiders what constitutes a repudiatory breach of contract quoting case law including "Renard Constructions Pty Ltd v Minister for Public Works" 1992.
650 _aBREACH
650 _aBUILT ENVIRONMENT-BUILDING CONTRACT FORMS
650 _aDISCHARGE
650 _aREPUDIATION
690 _aBUILT ENVIRONMENT-BUILDING CONTRACT FORMS
942 _n0
948 _c04/03/1997
999 _c47521
_d47521